00750nam a22002297a 450000500170000001000130001702000110003003500130004103700160005404000120007008200130008210000260009524500590012126000260018027000430020630000210024965000370027065000480030794200220035599900190037795201240039620170124110101.0 aA-423481 c100.00 aA-423481 bCen Lib/Ret aDPLbEN a921bEVA aEvans, Richard927216 aVijay Amritraj :cby Richard Evansban autobiography / aCalcuttabRupa c1990 bCalcuttaa15 Bankim Chatterjeee700073 a315p. c22cm(Hb) aAmritraj, Vijay, -- 1953-927217 aTennis players -- India -- Biography927218 2ddccENh921mEVA c129724d129724 00104070aLbLd2015-07-07eCen Lib/Retg100.00l0o921 EVApA-423481r2015-07-07 00:00:00t1v100.00w2015-07-07yEN